Principios culturales de la demanda social por educación : Un análisis estructural /

En este artículo se describen los principios culturales que subyacen en opiniones y demandas a la educación propias del sentido común de la mayor parte de las familias de nuestro país. A partir del método estructural de análisis de lógicas simbólicas se propone un modelo de organización y de combina...

Descripción completa

Detalles Bibliográficos
Autor principal: Martinic, Sergio
Formato: Analitica de revista
Lenguaje:español
Publicado: Santiago, Chile Pontificia Universidad Católica de Chile 1995

MARC

LEADER 00000cab a2200000 a 4500
001 036375
003 UAHC_CL
005 20170803124000.0
008 030922s1994 cl f 000 spa
040 |a UAHC_CL  |c UAHC_CL  |d UAHC_CL 
100 1 |a Martinic, Sergio 
245 1 0 |a Principios culturales de la demanda social por educación :  |b Un análisis estructural /  |c Sergio Martinic. 
260 |b Pontificia Universidad Católica de Chile  |c 1995  |a Santiago, Chile 
300 |a p. 313-339 
500 |a En: Pensamiento educativo, nû16, 1995. p. 313-339. ISSN 07171013. 
500 |a En: Pensamiento educativo, n°16, 1995. p. 313-339. ISSN 07171013. 
500 |a En: Pensamiento educativo, nç16, 1995. p. 313-339. ISSN 07171013. 
520 |a En este artículo se describen los principios culturales que subyacen en opiniones y demandas a la educación propias del sentido común de la mayor parte de las familias de nuestro país. A partir del método estructural de análisis de lógicas simbólicas se propone un modelo de organización y de combinación de representaciones sobre educación y que hemos llamado "promocional". Este insiste en la importancia de la educación para el logro de una identidad positiva y reconocimiento social del sujeto. Se concluye que la demanda por educación da cuenta de una demanda profunda de integración social. 
520 |a En este artículo se describen los principios culturales que subyacen en opiniones y demandas a la educación propias del sentido común de la mayor parte de las familias de nuestro país. A partir del método estructural de análisis de lógicas simbólicas se propone un modelo de organización y de combinación de representaciones sobre educación y que hemos llamado "promocional". Este insiste en la importancia de la educación para el logro de una identidad positiva y reconocimiento social del sujeto. Se concluye que la demanda por educación da cuenta de una demanda profunda de integración social. 
520 |a En este artÌculo se describen los principios culturales que subyacen en opiniones y demandas a la educaciÛn propias del sentido común de la mayor parte de las familias de nuestro paÌs. A partir del mÈtodo estructural de an·lisis de lÛgicas simbÛlicas se propone un modelo de organizaciÛn y de combinaciÛn de representaciones sobre educaciÛn y que hemos llamado "promocional". Este insiste en la importancia de la educaciÛn para el logro de una identidad positiva y reconocimiento social del sujeto. Se concluye que la demanda por educaciÛn da cuenta de una demanda profunda de integraciÛn social. 
759 |a PP160 
773 0 |t Revista PRELAC  |w 041234 
900 |a PENSAMIENTO EDUCATIVO-16/95 
942 |c REVA 
952 |0 0  |1 0  |4 0  |6 PENSAMIENTO_EDUCATIVO16_95_000000000000000  |7 0  |8 General  |9 69096  |a BC  |b BC  |c General  |d 2017-08-03  |l 0  |o PENSAMIENTO EDUCATIVO-16/95  |p FICTICIO4776  |r 2019-01-08 00:00:00  |t 1  |w 2017-08-03  |y REVA 
999 |c 36375  |d 36375